Estatísticas para 120 Graus Este Países

Clique aqui para jogar o quiz

Estatísticas Gerais

  • Esse quiz foi jogado 24 vezes
  • A pontuação média é 17 de 20

Estatísticas das Respostas

grauspaís% Correto
Rússia
100%
Austrália
95%
Indonésia
95%
0.73°Malásia
95%
12.38°Camboja
89%
China
89%
4.32°Coréia do Norte
89%
5.68Coréia do Sul
89%
Filipinas
89%
2.93°Japão
89%
14.36°Tailândia
89%
4.65°Brunei
84%
12.32°Laos
84%
0.07°Mongólia
79%
0.03°Taiwan
79%
4.05°Timor-Leste
79%
10.54°Vietname
79%
20.34°Birmânia
74%
15.92°Singapura
68%
14.12°Palau
58%

Distribuição das Pontuações

Percentil de Números Respondidos

Porcentagem de Pessoas com Cada Pontuação

Sua Pontuação Histórica

Você não jogou esse quiz